[Event "Bucharest Kings 7th"]
[Site "Bucharest"]
[Date "2013.10.16"]
[Round "10"]
[White "Wang, Hao"]
[Black "Ponomariov, Ruslan"]
[Result "1-0"]
[WhiteElo "2733"]
[BlackElo "2751"]
[Annotator "Wang,Hao"]
[PlyCount "119"]
[EventDate "2013.10.07"]
[EventType "tourn"]
[EventRounds "10"]
[EventCountry "ROU"]
[EventCategory "20"]
[SourceTitle "CBM 157"]
[Source "ChessBase"]
[SourceDate "2013.11.12"]
[SourceVersion "1"]
[SourceVersionDate "2013.11.12"]
[SourceQuality "1"]

{This game was played in the last round of the 7th edition of the Kings
tournament. With White against Ponomariov, I was just trying to make an
interesting game. Anyway, the game was totally peaceful up to a certain point..
.} 1. c4 c5 2. Nf3 Nc6 3. Nc3 Nf6 4. e3 e6 5. d4 d5 {Recently I had already
faced this position against a few good players.} 6. cxd5 ({Previously I only
played} 6. dxc5 {with Gelfand and Radjabov.}) 6... Nxd5 {Now the position has
transposed to the Semi-Tarrasch Variation.} (6... exd5 {is another main line,
which was played by Matlakov with me in the European Club Cup, which has just
finished recently. That game ended in a draw.}) 7. Bd3 Be7 8. O-O O-O 9. a3 b6
{This idea was played by Ivanchuk 2 years ago; I analysed it and thought the
position should be equal with good play.} (9... cxd4 10. exd4 {the position
transposes to the Caro-Kann.}) 10. Qc2 Nxc3 11. bxc3 g6 12. Rd1 Qc7 (12... cxd4
{was played in the game Le Quang Liem - Ivanchuk. After} 13. cxd4 Bb7 14. Bb2
Rc8 15. Qe2 Na5 16. e4 Bf6 17. Rac1 Qe7 {,the position was pretty decent. The
text move was also good.}) 13. Bb2 Bb7 14. dxc5 {I decided to open the
diagonal for my dark-squared bishop.} (14. Qe2 Rfd8 15. e4 Na5 {offers a
promising position for Black since b2 is not a ideal square for my
dark-squared bishop.}) 14... bxc5 {Logical.} (14... Bxc5 15. c4 Rad8 16. h4 {
looks good for White, but Black also has enough resources to defend with} f6 $1
{.}) 15. c4 f5 16. Rab1 Rad8 17. Be2 Rxd1+ 18. Bxd1 Ba8 19. Qd2 ({Maybe} 19. h3
{was a better move, but after} e5 {, Black is totally fine.}) 19... Rd8 20. Qc3
e5 $1 21. Ne1 Qa5 $1 {I overlooked this move. Now it's clear that the position
is just nothing special for White. Anyway, I decided to adopt a risky plan.}
22. f3 {Followed by Bc2 and Nd3, my idea is to try to regroup my pieces,
against the c5- and e5-pawns.} Kf7 {Very logical, time to bring the king to
the battlefield.} (22... Qxc3 23. Bxc3 f4 {is very close to a draw.} (23... e4
{is also totally fine for Black, as I thought during the game.})) 23. Bc2 $2 {
I was over-optimistic about my position. Here was a very critical moment.} (23.
Be2 {was a safer choice.}) 23... Bf6 $2 {Looks logical, but soft indeed.} (
23... Bg5 $1 {was an very strong move for Black, with some attacking ideas. It
was my good fortune that my opponent missed this move during the game. White
must be very careful, for example:} 24. Kf2 (24. e4 Kf6 {with a slightly
better position for Black only.}) 24... Rd2+ 25. Kf1 Bh4 $1 26. g3 Bf6 27. h4
Qd8 $1 {with the initiative. If} (27... Rh2 28. Qd3 Ne7 29. Kg1 Qd2 30. Qxd2
Rxd2 31. Bc1 $11) 28. Nd3 {,} (28. Kg1 e4 29. Qxf6+ Qxf6 30. Bxf6 exf3 $1)
28... Rh2 29. Bd1 (29. Nf2 $2 Nd4 $1 30. exd4 exd4 31. Qd3 Qd6 $1 {Black is
winning.}) 29... f4 $1 30. exf4 Nd4 31. Nxe5+ Bxe5 32. fxe5 Qc8 $1 33. g4 Rh1+
34. Kf2 Qd8 {, Black has a strong attack.}) 24. e4 $1 {Finally I started to
play for the initiative. Frankly speaking, the position is still roughly equal,
but since only White has some play here, Black must be careful.} Qxc3 25. Bxc3
Nd4 $6 (25... Ke6 $1 {was what I mainly considered during the game. After} 26.
Nd3 Kd6 $1 27. exf5 (27. f4 fxe4 28. fxe5+ Nxe5 29. Nxe5 Ke6 $1 30. Bxe4 Bxe5
31. Bxa8 Bxc3 $11) 27... gxf5 28. f4 $1 Nd4 $1 (28... Rg8 29. g3 Nd4 30. Bxd4
exd4 31. Nf2) 29. fxe5+ Bxe5 30. Nxe5 Kxe5 (30... Rg8) 31. Rb5 Ke6 32. Bxd4
Rxd4 33. Rxc5 Rd2 34. Bxf5+ Kd6 35. Ra5 Rxg2+ 36. Kf1 Rxh2 {, the position is
very close to a draw.}) (25... fxe4 26. Bxe4 Nd4 27. Kf2 Bxe4 28. fxe4 Rd7 {
would offer a minimal edge for White although Black should hold without
problems.}) 26. Bxd4 Rxd4 27. exf5 {Now with a pawn up, I have got some slight
chances to play for a win.} gxf5 (27... e4 {would also offer Black excellent
drawing chances:} 28. fxg6+ hxg6 29. Kf2 Ke6) 28. Rb8 (28. Bxf5 Rxc4 29. Rb8
Bd5) 28... Bc6 ({During time pressure, my opponent failed to find a brilliant
idea to simplify the position:} 28... e4 $1 29. Rxa8 Rd2 30. Rxa7+ Kf8 31. h3 (
31. fxe4 Bd4+ 32. Kh1 Re2) 31... Bd4+ 32. Kh2 Be5+ $11) 29. Bxf5 Rxc4 $6 (29...
Ke7 $1 {was better. After} 30. Bd3 (30. Rc8 {is not good as Black has} Kd6)
30... e4 31. fxe4 Bxe4 32. Bxe4 Rxe4 {, Black will hold the position without
many problems, thanks to his active pieces.}) 30. Rc8 Bb5 $2 {A decisive
mistake.} (30... Bd5 {was necessary, to keep the bishops and counterplay. And
I believe that Black has enough resources to save the game, for example:} 31.
Rc7+ (31. Nd3 e4 32. fxe4 Bxe4) 31... Kf8 32. Kf2 (32. Bxh7 Rc3 33. Kf2 Bc4 $1
34. Be4 Bg5) 32... h5 33. Nd3 Rc3 34. Nxc5 Bh4+ 35. Ke2 Rxa3) 31. Rc7+ Be7 32.
Bd3 $1 Rc1 33. Bxb5 Rxe1+ 34. Kf2 Rh1 35. Kg3 a5 36. Ra7 Rc1 37. Rxa5 {It
seems that the opposite-coloured bishops would offer some drawing chances for
Black, but he is short of counterplay, and his pawns are quite weak. The
position is not hopeless for Black yet, but indeed difficult.} c4 38. Bc6 c3
39. Be4 h5 40. a4 Ra1 41. Ra6 Bd8 42. Bc2 Bg5 43. Rc6 Ra3 $2 (43... Bd2 {
was necessary, although it offers the h4-square for White's king.}) 44. Rb6 $1
{Trying to exchange rooks. If the rooks are swapped from the board, White
would win the game without needing precise technique.} Be7 ({If} 44... Ke7 45.
Rb3 Rxb3 46. Bxb3 Kd6 47. h4 Be3 48. Kh3 {would be a very easy win for White
since he is going to create passed pawns on the kingside very soon; it's too
difficult for Black to defend the a- and h-pawns at the same time.}) 45. Rb7
Ra1 46. Rb1 Ra3 47. Kh3 h4 48. g3 hxg3 49. hxg3 Kg7 50. Rb7 Kf7 51. Rb5 {
Now black is totally lost.} e4 52. fxe4 Ra1 53. Rb1 Ra3 54. Kg4 Kg7 55. Rb3
Rxa4 56. Rb7 Ra2 57. Bb3 Rb2 58. Rxe7+ Kf6 59. Re6+ Kf7 60. Bd5 {Black
resigned.} 1-0